38 estrellas. La mayor fuga de una cárcel de mujeres en la historia.

Gorde:
Xehetasun bibliografikoak
Egile nagusia: Licitra, Josefina (autora)
Formatua: Liburua
Argitaratua: Bogotá, Colombia: Planeta Colombiana, 2019.
Edizioa:Primera edición en Colombia.
Saila:Bordes
Gaiak:
Etiketak: Etiketa erantsi
Etiketarik gabe, Izan zaitez lehena erregistro honi etiketa jartzen!

MARC

LEADER 00000nam a22000007a 4500
003 CL-VaPUC
005 20240717122802.0
008 220830t2019 ||||| |||| 00| 0 eng d
999 |c 438568  |d 438566 
020 |a 978-958-42-7756-5 
040 |c Pontificia Universidad Católica de Valparaíso 
082 |2 22  |a Ar863 LIC 2019 
100 1 |a Licitra, Josefina  |e autora  |9 876078 
245 |a 38 estrellas.  |b La mayor fuga de una cárcel de mujeres en la historia. 
250 |a Primera edición en Colombia. 
260 |a Bogotá, Colombia:  |b Planeta Colombiana,  |c 2019. 
300 |a 204 páginas. 
490 |a Bordes 
500 |a c.1. Donación Escuela Periodismo. Memo CUR. 10/08/2022 
583 |c 20220830  |k Catalogador Asistente 
650 0 |9 267871  |a Novelas argentinas 
650 0 |9 890184  |a Mujeres presas políticas  |x Literatura   |y 1971  |z Montevideo, Uruguay 
650 0 |9 876151  |a Operación estrella  |x Escapes en la cárcel   |x Literatura  
942 |2 ddc  |c BK 
952 |0 0  |1 0  |2 ddc  |4 0  |6 AR_863_000000000000000_LIC_2019  |7 0  |8 A  |9 586498  |a BIBCUR  |b BIBCUR  |c GEN  |d 2022-08-30  |e Donación  |i 5654459  |l 4  |m 1  |o Ar863 LIC 2019  |p 5654459  |r 2025-04-22  |s 2024-05-09  |t 1  |w 2022-08-30  |y BK  |k PER